<?xml version="1.0" encoding="UTF-8"?>
<record
    xmlns:xsi="http://www.w3.org/2001/XMLSchema-instance"
    xsi:schemaLocation="http://www.loc.gov/MARC21/slim http://www.loc.gov/standards/marcxml/schema/MARC21slim.xsd"
    xmlns="http://www.loc.gov/MARC21/slim">

  <leader>00568nam a2200169 i 4500</leader>
  <controlfield tag="001">56754</controlfield>
  <controlfield tag="003">ES-MaACL</controlfield>
  <controlfield tag="005">20230906163434.0</controlfield>
  <controlfield tag="007">t|</controlfield>
  <controlfield tag="008">031013s1967    sp           ||||1| spa d</controlfield>
  <datafield tag="110" ind1="0" ind2=" ">
    <subfield code="a">Hospital de Navarra (Pamplona)</subfield>
    <subfield code="9">4595</subfield>
  </datafield>
  <datafield tag="245" ind1="1" ind2="0">
    <subfield code="a">Memoria </subfield>
    <subfield code="b">: estad&#xED;stica : a&#xF1;o 1966 / </subfield>
    <subfield code="c">Diputaci&#xF3;n Foral de Navarra, Hospital de Navarra.</subfield>
  </datafield>
  <datafield tag="260" ind1=" " ind2=" ">
    <subfield code="a">Pamplona : </subfield>
    <subfield code="b">[s.n., </subfield>
    <subfield code="c">1967] (</subfield>
    <subfield code="f">Imp. de la Diputaci&#xF3;n)</subfield>
  </datafield>
  <datafield tag="300" ind1=" " ind2=" ">
    <subfield code="a">115 p. ; </subfield>
    <subfield code="c">22 cm.</subfield>
  </datafield>
  <datafield tag="610" ind1="2" ind2="4">
    <subfield code="a">Hospital de Navarra (Pamplona)-</subfield>
    <subfield code="v">Memorias.</subfield>
    <subfield code="9">169048</subfield>
  </datafield>
  <datafield tag="852" ind1=" " ind2=" ">
    <subfield code="a">ES-MaACL</subfield>
    <subfield code="j">C-32758 </subfield>
    <subfield code="b">R.63292</subfield>
  </datafield>
  <datafield tag="999" ind1=" " ind2=" ">
    <subfield code="c">56754</subfield>
    <subfield code="d">56754</subfield>
  </datafield>
  <datafield tag="952" ind1=" " ind2=" ">
    <subfield code="0">0</subfield>
    <subfield code="1">0</subfield>
    <subfield code="4">0</subfield>
    <subfield code="7">0</subfield>
    <subfield code="a">ATENEOM</subfield>
    <subfield code="b">ATENEOM</subfield>
    <subfield code="c">DEPO2</subfield>
    <subfield code="d">2008-01-17</subfield>
    <subfield code="e">SC</subfield>
    <subfield code="l">0</subfield>
    <subfield code="o">C-32758</subfield>
    <subfield code="p">1059596</subfield>
    <subfield code="r">2023-02-23 00:00:00</subfield>
    <subfield code="w">2023-02-23</subfield>
    <subfield code="y">MONOGRAFIA</subfield>
  </datafield>
</record>
